000 00977nam a22002537a 4500
005 20240530110522.0
008 160220s2013 ua a g b 000 0 ara d
017 _a2012/16362
_bمصر . دار الكتب المصرية
020 _a9772328864
040 _aEG-CaGPL
082 0 4 _221
_a371.262\
_bم ذ
100 0 _aمحمد محى الدين عبدالسلام ابورية .
245 1 2 _aالذكاءات المتعددة و تدريس الرياضيات /
_cمحمد محى الدين عبدالسلام ابورية .
250 _aط1.
260 _aالقاهرة :
_bعالم الكتب ،
_c2013 .
300 _a238 ص ؛
_c24 سم .
504 _aببليوجرافية : ص 227 - 238
650 0 4 _aالرياضيات
_xطرق تدريس .
650 0 4 _aالتحصيل الدراسى .
650 0 4 _aالرياضيات
_xتعليم و تدريس .
650 0 4 _aالذكاء .
942 _2ddc
_cBK
999 _c61919
_d61919